000 00193 a2200097 4500
020 _a9682424054
041 _aspa
100 _aLilian Moore
245 _aMi primer libros de cuentas
942 _cK
999 _c28758
_d28758